| 000 | 00822nam0a22002291 4500 | ||
|---|---|---|---|
| 001 | rc\2972648 | ||
| 005 | 20110908004400.5 | ||
| 035 | _a(NLR Aleph) 007118607 | ||
| 090 |
_a6840003 _c6840003 |
||
| 100 | _a20110908d1934 |||y0rusy50 ca | ||
| 101 | 0 | _arus | |
| 102 | _aRU | ||
| 105 | _aa z ||||| | ||
| 200 | 1 |
_aУстановка и обслуживание коротковолнового передатчика КВ 1 kw _fВ.П. Колесников |
|
| 210 |
_aМосква _cСвязьтехиздат _d1934 _gТип. "Гудок" |
||
| 215 |
_aОбл., 56 с., 4 вкл. л. черт. _cил., черт. _d22×15 см |
||
| 700 | 1 |
_aКолесников _bВ. П. _gВладимир Петрович |
|
| 801 | 0 |
_aRU _bNLR _gpsbo |
|
| 801 | 1 |
_aRU _bELAR _2rusmarc |
|
| 852 |
_aNLR _j34-10/1411 |
||
| 942 | _cBOOK | ||
| 980 | _aNB | ||